000 00339 a2200109 4500
001 ART_54923
005 20260410161800.0
008 260409a
245 1 0 _aValuación de moneda extranjera adquirida en el mercado financiero
100 1 _aVolman, Mario
773 0 _tDoctrina tributaria
_g- N°501 (dic. 2021)
_wREV4296
999 _c20480
_d20480